AIDS AWARENESS SOCIETY (AAS), LAHORE (Record no. 351187)

000 -LEADER
fixed length control field 00731nam a22002177a 4500
003 - CONTROL NUMBER IDENTIFIER
control field OSt
005 - DATE AND TIME OF LATEST TRANSACTION
control field 20260216103205.0
008 - FIXED-LENGTH DATA ELEMENTS--GENERAL INFORMATION
fixed length control field 160222b xxu||||| |||| 00| 0 eng d
020 ## - INTERNATIONAL STANDARD BOOK NUMBER
International Standard Book Number 05-735-2007-1
024 ## - OTHER STANDARD IDENTIFIER
Source of number or code 05-735-2007-1
040 ## - CATALOGING SOURCE
Transcribing agency Lahore University of Management Sciences
082 ## - DEWEY DECIMAL CLASSIFICATION NUMBER
Classification number 174.4 LUM 2007
100 ## - MAIN ENTRY--PERSONAL NAME
Personal name Naim Sipra
9 (RLIN) 133213
245 ## - TITLE STATEMENT
Title AIDS AWARENESS SOCIETY (AAS), LAHORE
Statement of responsibility, etc. Naim Sipra
260 ## - PUBLICATION, DISTRIBUTION, ETC.
Place of publication, distribution, etc. Lahore
Name of publisher, distributor, etc. Lahore University of Management Sciences
Date of publication, distribution, etc. 2007
300 ## - PHYSICAL DESCRIPTION
Extent 32 p.
Other physical details Papers
440 ## - SERIES STATEMENT/ADDED ENTRY--TITLE
Title AIDS AWARENESS SOCIETY (AAS), LAHORE
9 (RLIN) 133214
590 ## - LOCAL NOTE (RLIN)
Linkage (RLIN) http://10.250.8.41:8080/xmlui/handle/123456789/56773
856 ## - ELECTRONIC LOCATION AND ACCESS
Uniform Resource Identifier <a href="http://10.250.8.41:8080/xmlui/handle/123456789/56773">http://10.250.8.41:8080/xmlui/handle/123456789/56773</a>
942 ## - ADDED ENTRY ELEMENTS (KOHA)
Source of classification or shelving scheme
Koha item type Case Studies
Holdings
Withdrawn status Lost status Source of classification or shelving scheme Damaged status Not for loan Collection code Permanent Location Current Location Shelving location Date acquired Total Checkouts Full call number Barcode Date last seen Date last checked out Price effective from Koha item type
            Central Library (CL) Central Library (CL) Reference 02/22/2016 1 174.4 LUM 2007 NBS9979 03/24/2016 02/25/2016 02/22/2016 Case Studies
© 2023 Central Library, National University of Sciences and Technology. All Rights Reserved.